| 000 | 02586nam a22003137a 4500 | ||
|---|---|---|---|
| 999 |
_c21727 _d21727 |
||
| 003 | AR-CdUCM | ||
| 008 | 190425b ||||| |||| 00| 0 spa d | ||
| 040 |
_aMUNICIPALIDAD PROVINCIAL DEL CUSCO _cBIBLIOTECA MUNICIPAL DEL CUSCO |
||
| 082 |
_aRev.Univ/N°71/1936 _bRev.Univ/N°71/1936 |
||
| 110 |
_aUniversidad Nacional de San Antonio Abad del Cusco _915942 |
||
| 245 |
_aRevista Universitaria : _bÓrgano de la Universidad del Cuzco / |
||
| 260 |
_aCusco : _bH. G. Rozas, _c1936. |
||
| 300 |
_a204 páginas. : _c20 cm. |
||
| 440 |
_aRevista Universitaria _nAño XXV, 2° semestre 1936, N°71 _945884 |
||
| 505 | _aContenido: Antigüedad del Cuzco. Conferencia sustentada en el Instituto Arqueológico del Cusco. Víctor M. Guillén -- Nuestros poetas los románticos peruanos. Alfredo Yépez Miranda -- El congreso Internacional de los Periodistas, Ensayistas, Novelistas. P.E.N. Clubs. José Gabriel Cosio -- La música incaica no es pentafónica. Miguel Garcés B. -- Objeto de las mochetas. Mario Cuba Boza. -- Conmemorando la Confederación Perú Boliviana. Julio C. Guerrero. -- La Confederación como potencia. J. M. Valega. -- El Mariscal D. Andrés Santa Cruz. -- La gran confederación de los andes Perú, Bolivia y Chile unidos. Alfredo Yépez Miranda. -- ¿Por qué se desmembró el Perú?. Pastor Ordoñez. -- Primer centenario de la Confederación Perú boliviana. Jorge Cornejo Bouroncle -- El General don Ramón Herrera prócer de la independencia americana i gran caudillo del Sub Perú. Julián Santisteban Ochoa. -- El Congreso de Sicuani 17 de marzo de 1836. Julián Santisteban Ochoa. -- Acercamiento Perú boliviano. -- Informe de la excursión efectuada con los estudiantes del IV año de la Facultad de Ciencias al valle de Paucartambo del 19 al 26 de julio. Cesar Vargas. -- Algunos datos sobre fitogeografía del Cusco. Víctor M. Pilares Polo E. -- Contribución al estudio de la flora peruana. Cesar Vargas. -- El patronato de condenados i menores. Francisco Ponce de León. -- Crónica Universitaria. | ||
| 650 |
_aHistoria del Cusco _91714 |
||
| 650 |
_aMúsica Inka _945848 |
||
| 650 |
_aConfederación Perú Bolivia _941831 |
||
| 650 |
_aCasa de la Confederación _945885 |
||
| 650 |
_aBotánica cusqueña _945807 |
||
| 700 |
_aYépez Miranda, Alfredo _94230 |
||
| 700 |
_aPonce de León, Francisco _929819 |
||
| 700 |
_aCosio, José Gabriel _911720 |
||
| 700 |
_aVargas, César _945886 |
||
| 700 |
_aPilares Polo, Víctor M _945887 |
||
| 710 |
_aUniversidad Nacional de San Antonio Abad del Cusco _915942 |
||
| 942 |
_2ddc _cPP |
||
| 945 | _arac | ||